000
00246nam a2200085 4500
999
_c
514956
_d
514956
100
_a
Rajan, M.S.
_9
19978
245
_a
United Nations and World politics: Essays from a nonalighned perspective
260
_a
New Delhi
_b
Har-Anand
_c
1995
300
_a
343p.